Регионална библиотека "Любен Каравелов" - Русе

Най-прочутите места на света (Запис номер 81516)

MARC детайли
000 -Лидер
Контролно поле с фиксирана дължина 01861nam a2200445 c 4500
003 - Код на организацията, давaща контролен номер
Контролно поле BLK
005 - Дата и час на последна редакция
Контролно поле 20250412105638.0
008 - Елементи от данни с фиксирана дължина
fixed length control field 180408b bul|||||r ||||||| ||bul||
010 ## - Наследен системен номер
LC control number KNG00086020000
020 ## - Международен стандартен номер на книга ISBN
Международен стандартен номер на книга ISBN 954-657-591-7
-- издат.: ПАН
040 ## - Източник на каталожния запис
Идентификатор на билиотеката - собственик на записа BLK
041 ## - Код за език
Код за езика на текст/звукозапис или на отделно заглавие Български
Код за езика КДБФ Български
080 ## - УДК
Текстов определител УДК География на културните аспекти на ландшафта
УДК код - определител по УДК 911.3
УДК определител (100):087.5
УДК - код + определител 911.3(100):087.5
080 ## - УДК
Текстов определител УДК Паметници на културата на историческите периоди. Археологическите паметници. Старини
УДК код - определител по УДК 904
УДК определител :087.5
УДК - код + определител 904:087.5
139 ## - Редно поле
Редна дума Барска, Ева и др.
Авторски знак Бар - Б 26
245 10 - Сведения за заглавието
Заглавие Най-прочутите места на света
Редно поле (дума) * Ева Барска; * Марек Глоговски; текст Eva Barska; текст Marek Glogowski; прев. Нели Христова.
257 ## - Страна на издаване
Страна на създаване/издаване Полша
260 ## - Област на издателските данни
-- София
Име на издателя, разпространителя и проч. ПАН
Година на издаване 2006
300 ## - Физическа характеристика
Страници 48 с.
Илюстрации и др. с цв. ил.
Размери/Мащаб 30 см
380 ## - Жанр
Жанр Детска отраслова лит.
490 1# - СЕРИИ (Колекции)
Име на серия Поредица Знаете ли...
490 1# - СЕРИИ (Колекции)
-- Подсерия
Име на серия Кое къде е?
650 #4 - Допълнително описание по предмет – тема
Основно описание – тема или топоним Свят - география
9 (RLIN) 242274
651 #4 - Допълнително описание по предмет - топоним
Географско понятие Свят
9 (RLIN) 179507
653 ## - Ключова дума – ненормативна
Ключова дума география
653 ## - Ключова дума – ненормативна
Ключова дума паметници
653 ## - Ключова дума – ненормативна
Ключова дума забележителности
653 ## - Ключова дума – ненормативна
Ключова дума детска литература
700 1# - Други автори (авторска отговорност)
Лично име Барска, Ева
Автороска отговорност (Описва отношението между автора и произведението) *
9 (RLIN) 36787
700 1# - Други автори (авторска отговорност)
Лично име Глоговски, Марек
Автороска отговорност (Описва отношението между автора и произведението) *
9 (RLIN) 54439
700 1# - Други автори (авторска отговорност)
Лично име Barska, Eva
Автороска отговорност (Описва отношението между автора и произведението) текст
9 (RLIN) 4533
700 1# - Други автори (авторска отговорност)
Лично име Glogowski, Marek
Автороска отговорност (Описва отношението между автора и произведението) текст
9 (RLIN) 11303
700 1# - Други автори (авторска отговорност)
Лично име Христова, Нели
Автороска отговорност (Описва отношението между автора и произведението) прев.
9 (RLIN) 368823
852 ## - Местоположение
Форматна сигнатура Цб ІІ 15373
856 4# - Електронен адрес и достъп
Електронен формат pdf - файл
Път до файла /url/
856 4# - Електронен адрес и достъп
Електронен формат pdf - файл
Път до файла /url/
942 ## - АРТИКУЛИ
Вид на библиотечния материал Книги
Скрит в OPAC Не
Koha issues (borrowed), all copies 21
944 ## - СЪЗДАВАНЕ И РЕДАКЦИЯ на ЗАПИСА
Създаване/Редакция Създаване
Дата на регистрацията/редакция 24.10.2008
Статус, дата на статуса Моника Янева
Служител, извършил регистрацията/редакцията 30570
944 ## - СЪЗДАВАНЕ И РЕДАКЦИЯ на ЗАПИСА
Създаване/Редакция Редакция
Дата на регистрацията/редакция 03.11.2008
Статус, дата на статуса ф /
Служител, извършил регистрацията/редакцията
999 ## - СИСТЕМНИ КОНТРОЛНИ НОМЕРА
Koha biblionumber 81516
Koha biblioitemnumber 81516
Наличности
Код за отписване Код за изгубен артикул Код за повреда Коз за рестрикции Код за отдаване Артикулен № Име на библиотеката - собственик Име на библиотеката, в която се намира в момента Статус (Текущо местоположение) Дата на вписване в системата Местоположение - отдел Цена в лева Инвентарен номер Систематично азбучна сигнатура Баркод Номер на екземпляра Цена в евро Служебна бележка Служебен тип на артикула
  Не е изгубен Не е повреден без рестрикции заемане за дома 132330 Регионална библиотека "Любен Каравелов" Русе Регионална библиотека "Любен Каравелов" Русе Детски отдел 2008-10-17 Детски отдел 12.90 120000730699 ДН 91/Б 26 120000730699 1 6.60 Дост: Pk Вид: Ф N: 8705 Дата: 14.10.2008 Дата инв: 21.08.2015 Бележки инв: Д2015 Книги
  Не е изгубен Не е повреден без рестрикции заемане за дома 132331 Регионална библиотека "Любен Каравелов" Русе Регионална библиотека "Любен Каравелов" Русе Детски отдел 2008-10-17 Детски отдел 12.90 120000730700 ДН 91/Б 26 120000730700 2 6.60 Дост: Pk Вид: Ф N: 8705 Дата: 14.10.2008 Дата инв: 24.08.2015 Бележки инв: Д2015 Книги
  Не е изгубен Не е повреден без рестрикции заемане за дома 132332 Регионална библиотека "Любен Каравелов" Русе Регионална библиотека "Любен Каравелов" Русе Детски отдел 2008-10-17 Детски отдел 12.90 120000730701 ДН 91/Б 26 120000730701 3 6.60 Дост: Pk Вид: Ф N: 8705 Дата: 14.10.2008 Дата инв: 24.08.2015 Бележки инв: Д2015 Книги
Vip Innovations Ltd, Rousse, Bulgaria 2025